00494nam a2200157Ia 4500008004100000020001400041082001500055100002400070245008000094250000800174260003600182300002800218500001900246600002100265650005000286240925s9999 xx 000 0 und d a136681204 a004.16 ANT aAntonakos, James L. 4aThe 68000 Microprocessor: hardware and software principles and applications a4th aLondon:bPrentice, Hallc,1998. axix,585p.bNAfOriginal aIncludes Index aComputer Science aComputer science, information & general works